Creating crystal jewerly with Swarovski : 65 sparkling designs with crystal beads and stones
| Main Author: | |
|---|---|
| Format: | Book |
| Published: |
Minneapolis :
Creative Publishing International ,
2008
|
| Subjects: |
MARC
| LEADER | 00000cam a2200000 7i4500 | ||
|---|---|---|---|
| 001 | 0000025472 | ||
| 005 | 20090303.0 | ||
| 008 | 090303 | ||
| 020 | |a 158923345X | ||
| 090 | 0 | 0 | |a 745.5942 |b MCC |
| 100 | 1 | |a McCabe, Laura | |
| 245 | 1 | 4 | |a Creating crystal jewerly with Swarovski : |b 65 sparkling designs with crystal beads and stones |c Laura McCabe |
| 260 | |a Minneapolis : |b Creative Publishing International , |c 2008 | ||
| 650 | 0 | |a Beadworks |x Patterns | |
| 650 | 0 | |a Jewelry making | |
| 650 | 0 | |a Swarovski (Firm) | |
| 999 | |a 0001046842 |b Book |c Adult Collection |e Perbadanan Perpustakaan Awam Johor | ||